Elecciones en Centroamérica: segunda parte
Gespeichert in:
| Format: | Text |
|---|---|
| Sprache: | Spanish |
| Schlagworte: | |
| Tags: |
Tag hinzufügen
Keine Tags, Fügen Sie den ersten Tag hinzu!
|
MARC
| LEADER | 00000 a a2200000 04500 | ||
|---|---|---|---|
| 001 | 18102 | ||
| 003 | cru CIDCACS/IIS | ||
| 005 | 20191217112840.0 | ||
| 008 | 191217b ||||| |||| 00| 0 spa d | ||
| 999 | |c 32610 |d 32610 | ||
| 040 | |c cru CIDCACS/IIS | ||
| 245 | |a Elecciones en Centroamérica: |b segunda parte | ||
| 650 | |a ELECCIONES | ||
| 650 | |a POLITICA | ||
| 650 | |a SOCIEDAD | ||
| 650 | |a DEMOCRACIA | ||
| 650 | |a CENTROAMERICA | ||
| 773 | |g volumen 6, número 23; páginas 366-367 | ||
| 773 | 0 | |0 42391 |9 4143 |a Agencia Latinoamericana de Información, ALAI |d Quito, Ecuador: ALAI |o 03968 |t ALAI: |x 08275564 (Servicio mensual de información y documentación) | |
| 942 | |2 ddc |c PP | ||
